Pełne nazwy państw Europy - Statystyki

Ogólne statystyki
  • Ten quiz został rozwiązany 37 razy
  • Średni wynik to 17 z 45
Statystyki odpowiedzi
Podpowiedź Odpowiedź % Poprawnych
Polska Rzeczpospolita Polska
81%
Czechy Republika Czeska
59%
Andora Księstwo Andory
53%
Albania Republika Albanii
53%
Austria Republika Austrii
53%
Francja Republika Francuska
53%
Belgia Królestwo Belgii
50%
Hiszpania Królestwo Hiszpanii
47%
Białoruś Republika Białorusi
47%
Rosja Federacja Rosyjska
44%
Dania Królestwo Danii
44%
Monako Księstwo Monako
41%
Bułgaria Republika Bułgarii
41%
Chorwacja Republika Chorwacji
41%
Grecja Republika Grecka
41%
Islandia Republika Islandii
41%
Litwa Republika Litewska
41%
Finlandia Republika Finlandii
38%
Kazachstan Republika Kazachstanu
38%
Łotwa Republika Łotewska
38%
Malta Republika Malty
38%
Włochy Republika Włoska
38%
Holandia Królestwo Niderlandów
34%
Norwegia Królestwo Norwegii
34%
Serbia Republika Serbii
34%
Słowenia Republika Słowenii
34%
Szwecja Królestwo Szwecji
31%
Liechtenstein Księstwo Liechtensteinu
31%
Niemcy Republika Federalna Niemiec
31%
Macedonia Półnicna Republika Macedonii Północnej
31%
Mołdawia Republika Mołdawii
31%
San Marino Republika San Marino
31%
Słowacja Republika Słowacka
31%
Turcja Republika Turcji
31%
Wielka Brytania Zjednoczone Królestwo Wielkiej Brytanii i Irlandii Północnej
31%
Portugalia Republika Portugalska
28%
Bośnia i Hercegowina Bośnia i Hercegowina
25%
Czarnogóra Czarnogóra
25%
Irlandia Irlandia
25%
Estonia Republika Estońska
25%
Luksemburg Wielkie Księstwo Luksemburga
25%
Rumunia Rumunia
22%
Ukraina Ukraina
22%
Szwajcaria Konfederacja Szwajcarska
13%
Watykan Państwo Watykańskie
13%
Nie znaleziono quizów pasujących do podanych kryteriów
Rozkład punktacji
Procent ludzi z każdym wynikiem
Percentyl według liczby udzielonych odpowiedzi
Twoja historia wyników
Nie rozwiązałeś tego quizu